Histoire de la pensée géographique
में बचाया:
| मुख्य लेखक: | |
|---|---|
| स्वरूप: | पुस्तक |
| भाषा: | फ़्रेंच |
| प्रकाशित: |
París
Belin
2006
|
| श्रृंखला: | Belin a Touts Géographie
|
| विषय: | |
| टैग: |
टैग जोड़ें
कोई टैग नहीं, इस रिकॉर्ड को टैग करने वाले पहले व्यक्ति बनें!
|
MARC
| LEADER | 00000nam a2200000 a 4500 | ||
|---|---|---|---|
| 001 | UCI8737 | ||
| 003 | CL-VaPUC | ||
| 008 | 080925e20060000FR |||||||||||||||||fre|d | ||
| 020 | |a 2701137675 | ||
| 082 | 0 | 4 | |a 910.01 |b DEN |2 21 |
| 100 | 0 | |a Deneux, Jean-Francois |e author |9 532317 | |
| 245 | 1 | 0 | |a Histoire de la pensée géographique |
| 300 | |a 255 p | ||
| 942 | |c BK | ||
| 945 | |d 20080925 00:00:00 |a rbrito | ||
| 260 | |a París |b Belin |c 2006 | ||
| 650 | 0 | |a Filosofía de las ciencias sociales |9 268057 | |
| 650 | 0 | |a Geografía |9 259346 | |
| 650 | 0 | |a Cartografía |9 266055 | |
| 650 | 0 | |a Mapas |9 260844 | |
| 583 | |a last modification |c 20121001 11:05:57 |k Rodrigo Vera | ||
| 490 | 0 | |a Belin a Touts Géographie | |
| 999 | |c 331531 |d 331529 | ||
| 952 | |0 0 |1 0 |4 0 |6 910_010000000000000_DEN_2006 |7 0 |8 A |9 418256 |a BIBING |b BIBING |d 2019-11-22 |i 4483898 |o 910.01 DEN 2006 |p 4483898 |r 2025-01-20 |w 2019-11-22 |y BK |k GEO | ||